00317nam a2200109Ia 4500008004100000100003400041245004900075250001200124260005000136300000800186650001300194190216s9999||||xx |||||||||||||| ||und|| aNell Dale And David Orshalick 0aIntroduction To Pascal And Structured Design a4th Ed. bTata Mcgraw Hill Publishing Company Ltdc1994 a835 aComputer